000 01796nam a2200229Ia 4500
003 Ost
005 20260507075523.0
008 260507s9999||||xx |||||||||||||| ||und||
020 _a62389899579
040 _cfsecg
041 _aara
082 _a600
100 _aطيبي، رتيبة
_eمؤلف
245 0 _aإدارة تكنولوجيا المعلومات /
_c رتيبة طيبي
260 _aعمان:
_bدار الاعصار العلمي,
_c2016
300 _a145 صفحة؛
_bإيضاحات ؛
_c25 سم
504 _aبيبليوغرافيا: ص.137-145
520 _aتكنولوجيا المعلومات والاتصال وأهميتها في اقتصاديات الدول العربية لمسايرة تحديات الاقتصاد العالمي الجديد،تكنولوجيا المعلومات والاتصال في الدول العربية،أثر تطبيق تكنولوجيا المعلومات في تحقيق ريادة المنظمات الحديثة،تطور تكنولوجيا المعلومات وأنظمة الرقابة الداخلية،المراجعة الداخلية في ظل التشغيل الالكتروني للبيانات،تكنولوجيا المعلومات الحديثة وأثرها على القرارات الإدارية في منظمات الأعمال،تكنولوجيا المعلومات والاتصالات وانعكاساتها على المؤسسات المعلوماتية،إدارة المعرفة بين تكنولوجيا المعلومات والتأهيل المحاسبي،أثر تكنولوجيا المعلومات والاتصالات على وظائف إدارة الموارد البشرية
653 _aالحاسبات الالكترونية
653 _aالمعلومات-علم
942 _cكتاب
999 _c44783
_d44783